Which President Was Born First? Quiz Stats

 Plays Quiz Updated Feb 2, 2018

Support Sporcle.
Go Orange.
Score 0/20 Timer 06:00
0 Plays Today
President A: A or B % Correct
Bill Clinton???
88.3%
Thomas Jefferson???
86.5%
George H. W. Bush???
85.6%
James Monroe???
81%
Chester A. Arthur???
80.7%
Zachary Taylor???
78.8%
George Washington???
76.2%
Woodrow Wilson???
75.8%
Warren G. Harding???
75.6%
Franklin D. Roosevelt???
75.4%
President A: A or B % Correct
Abraham Lincoln???
74.9%
Herbert Hoover???
73.2%
John F. Kennedy???
73.1%
William Howard Taft???
71.6%
Richard Nixon???
71%
Jimmy Carter???
69.6%
Grover Cleveland???
53.5%
Dwight D. Eisenhower???
46.5%
Martin Van Buren???
42.2%
Millard Fillmore???
39.1%

You're not logged in!

Compare scores with friends on all Sporcle quizzes.
OR
Log In

From the Vault

Five-Letter Things II

by caramba

It's up to you to try and figure out what is a thing and what is a letter.
Remove Ads.
Support Sporcle.
Get the best of Sporcle when you Go Orange. This ad-free experience offers more features, more stats, and more fun while also helping to support Sporcle. Thank you for becoming a member.

Show Comments

Extras

Top Quizzes Today


Score Distribution

Your Account Isn't Verified!

In order to create a playlist on Sporcle, you need to verify the email address you used during registration. Go to your Sporcle Settings to finish the process.

Report this User

Report this user for behavior that violates our Community Guidelines.

Details: